| 000 | 00548nam a2200205Ia 4500 | ||
|---|---|---|---|
| 005 | 20240401114535.0 | ||
| 008 | 131103s9999 xx 000 0 und d | ||
| 020 | _a134711521 | ||
| 040 | _aLoreto College | ||
| 041 | _aEnglish | ||
| 082 |
_a420.7 _bSIL |
||
| 100 | _aSilva, Tony and others | ||
| 245 |
_aVistas _cTony Silva, Sharon Seymour, Pamela Polos and Sandra McKay |
||
| 260 |
_aNew Jersy _bPrentice-Hall _c1991 |
||
| 300 |
_a148p. _b pic |
||
| 650 | _aEnglish language | ||
| 700 | _aSeymour, Sharon | ||
| 850 | _aLCBED | ||
| 942 | _cBK | ||
| 999 |
_c28305 _d78784 |
||